Krátkodobé modelovanie mzdového vývoja
Pozícia SR v medzinárodných porovnaniach mzdovej úrovne a jej determinantov. Mzdový vývoj a jeho determinanty. Kompozitný model mzdového vývoja. Efekt z predchádzajúceho roka. Aktuálna mzdová dynamika bežného roka. Prognóza rastu nominálnej mzdy na rok 2006.
Na minha lista:
| Autor principal: | |
|---|---|
| Formato: | Capítulo de Livro |
| Idioma: | eslovaco |
| Assuntos: | |
| Tags: |
Sem tags, seja o primeiro a adicionar uma tag!
|
MARC
| LEADER | 00000naa$a2200000$$$4500 | ||
|---|---|---|---|
| 001 | 0041837 | ||
| 005 | 20231116082747.0 | ||
| 041 | 0 | |a slo | |
| 044 | |a SK | ||
| 245 | 1 | 0 | |a Krátkodobé modelovanie mzdového vývoja |c Anna Vladová |
| 520 | |a Pozícia SR v medzinárodných porovnaniach mzdovej úrovne a jej determinantov. Mzdový vývoj a jeho determinanty. Kompozitný model mzdového vývoja. Efekt z predchádzajúceho roka. Aktuálna mzdová dynamika bežného roka. Prognóza rastu nominálnej mzdy na rok 2006. | ||
| 610 | 2 | 0 | |a Slovensko |
| 610 | 2 | 0 | |a vývoj mzdový |
| 610 | 2 | 0 | |a modelovanie ekonometrické |
| 610 | 2 | 0 | |a porovnanie medzinárodné |
| 610 | 2 | 0 | |a mzdy nominálne |
| 610 | 2 | 0 | |a mzdy reálne |
| 610 | 2 | 0 | |a mzdy priemerné |
| 100 | 1 | |a Vladová, Anna | |